Sports Quiz

Random Sports or NFL Quiz
Score 0/16 Timer 02:00
0 Plays Today
Year Team % Correct
2008New England Patriots
95.3%
1980New England Patriots
90%
2003Miami Dolphins
84.1%
1991San Francisco 49ers
81.5%
2007Cleveland Browns
81.5%
1989Washington Redskins
81.3%
1988New York Giants
81.1%
1991Philadelphia Eagles
80.6%
Year Team % Correct
1989Green Bay Packers
77.9%
1985Washington Redskins
76.8%
1981Denver Broncos
74.2%
1985Denver Broncos
74.2%
1986Cincinnati Bengals
72.7%
2005Kansas City Chiefs
71.1%
1988New Orleans Saints
69.9%
1986Seattle Seahawks
63.3%
Remove Ads.
Support Sporcle.
Get the best of Sporcle when you Go Orange. This ad-free experience offers more features, more stats, and more fun while also helping to support Sporcle. Thank you for becoming a member.

You're not logged in!

Compare scores with friends on all Sporcle quizzes.
OR
Log In

Show Comments

Extras

Top Quizzes Today


Score Distribution

Your Account Isn't Verified!

In order to create a playlist on Sporcle, you need to verify the email address you used during registration. Go to your Sporcle Settings to finish the process.

Report this User

Report this user for behavior that violates our Community Guidelines.

Details: